Normal view
MARC view
- Journalists
Entry Topical Term
001 - CONTROL NUMBER
- control field: 105155
003 - CONTROL NUMBER IDENTIFIER
- control field: NUST
005 - DATE AND TIME OF LATEST TRANSACTION
- control field: 20221219095026.0
008 - FIXED-LENGTH DATA ELEMENTS
- fixed length control field: 221219|| aca||aabn | a|a d
040 ## - CATALOGING SOURCE
- Original cataloging agency: NUST
- Transcribing agency: NUST
150 ## - HEADING--TOPICAL TERM
- Topical term or geographic name entry element: Journalists
- Geographic subdivision: Indonesia
670 ## - SOURCE DATA FOUND
- Source citation: Work cat.: (NUST)176853: Dahlby, Tracy. 27240, Allah's torch :, c2005.
